00272pab a2200121 454500008004000000100001900040245003100059260000900090300001000099362001200109650001800121773001100139180718b1987 xxu||||| |||| 00| 0 eng d aChirmade, S.R. aDowry, black money and law c1987 a28-30 a16 June aDowry - India aYojana